00557nam a22001577a 4500008004100000040005500041080001200096100002400108245004800132260003700180300001000217650001200227942001200239999001700251952013100268230511b |||||||| |||| 00| 0 eng d aNational Science LibrarycNational Science Library a575bP3 aLeroi, Armand Marie aMutants: bOn generic variety of human body aUSA: bPenguin Books, c2005 a431p. aScience 2udccBK c29572d29572 00102udc406575_P370944379aNSLbNSLcGF/Rk-10/C-9/R-1d2017-03-02l0o575 P3p252424r2023-05-12 00:00:00w2023-05-12yBK